Statistics for Top 10 Continental Countries by coastline

Click here to take the quiz!

General Stats

  • This quiz has been taken 198 times
  • The average score is 8 of 10

Answer Stats

Length (km)Country% Correct
202.080Canada
99%
37.653Russia
99%
19.924United States of America
97%
7.491Brazil
94%
14.500China
93%
9.330Mexico
84%
25.760Australia
82%
86.868Norway
81%
7.600Italy
53%
13.676Greece
52%

Score Distribution

Percentile by Number Answered

Percent of People with Each Score

Your Score History

You have not taken this quiz